تاریخی خاندیش کے بکھرے اوراق / (Record no. 106372)

MARC details
000 -LEADER
fixed length control field 00725nam a22002297a 4500
005 - DATE AND TIME OF LATEST TRANSACTION
control field 20170123162307.0
010 ## - LIBRARY OF CONGRESS CONTROL NUMBER
LC control number A-842720
020 ## - INTERNATIONAL STANDARD BOOK NUMBER
Terms of availability 50.00
035 ## - SYSTEM CONTROL NUMBER
System control number A-842720
037 ## - SOURCE OF ACQUISITION
Source of stock number/acquisition Cen Lib/Ret
040 ## - CATALOGING SOURCE
Original cataloging agency DPL
Language of cataloging UR
082 ## - DEWEY DECIMAL CLASSIFICATION NUMBER
Classification number 954.41
Item number ا ک ب
100 ## - MAIN ENTRY--PERSONAL NAME
Personal name اقبر رحمانی
9 (RLIN) 809
245 ## - TITLE STATEMENT
Title تاریخی خاندیش کے بکھرے اوراق /
Statement of responsibility, etc اقبر رحمانی
246 ## - VARYING FORM OF TITLE
Title proper/short title Tareekhe khandesh ke bikhare auraq /
Remainder of title by Akbar Rahmani
260 ## - PUBLICATION, DISTRIBUTION, ETC. (IMPRINT)
Place of publication, distribution, etc نیی دہلی
Name of publisher, distributor, etc مقتبہ جامہ لمیٹڈ
Date of publication, distribution, etc 1994
270 ## - ADDRESS
City نیی دہلی
300 ## - PHYSICAL DESCRIPTION
Extent 132p.
Dimensions 21cm(Hb)
650 ## - SUBJECT ADDED ENTRY--TOPICAL TERM
Topical term or geographic name as entry element تاریخ
9 (RLIN) 111108
650 ## - SUBJECT ADDED ENTRY--TOPICAL TERM
Topical term or geographic name as entry element History
9 (RLIN) 111109
942 ## - ADDED ENTRY ELEMENTS (KOHA)
Source of classification or shelving scheme Dewey Decimal Classification
Koha item type Urdu Bks
Classification part 954.41
Call number suffix ا ک ب
Holdings
Withdrawn status Lost status Damaged status Not for loan Home library Current library Date acquired Source of acquisition Cost, normal purchase price Total Checkouts Full call number Barcode Date last seen Copy number Cost, replacement price Price effective from Koha item type
        Central Library Central Library 19/12/2015 Cen Lib/Ret 50.00   954.41 ا ک ب A-842720 19/12/2015 1 50.00 19/12/2015 Urdu Bks

© Delhi Public Library
Hit Counter
free hit counter